000 00468cam a2200169 4500
001 D14138
008 090401t1893 xxu||||| |||| 00| 0 eng d
035 _a(Sirsi) u13636
041 _aeng
100 _aUsill, George Wm
245 _aPractical Surveying a textbook for students preparing for examination and for survey work in the colonies
260 _aLondon
_bCrosby Lockwood
_c1893
350 _a0
520 _aShelf 136
942 _n0
948 _c04/03/1997
999 _c87121
_d87121